000 00513nam a22001457a 4500
082 _a658.3
100 _aSikandar, Khadija
245 _aThe Effect of User Acceptance and Adaptation to IT on Organizational Performance: A Case of Allied Bank Limited, Pakistan
_cKhadija Sikandar.
260 _aIslamabad:
_bNBS - NUST,
_c2017.
300 _a21 p. : ill. ;
_c30cm.
650 _aMBA Thesis.
_917629
700 _aMr. Faqir Taj
_917853
942 _2ddc
_cTHE
999 _c527334
_d527334